Famous Sports Familes - Statistics

General Stats
  • This quiz has been taken 407 times
    391 since last reset
  • The average score is 22 of 52
Answer Stats
Hint Answer % Correct
Football: Archie, Peyton and Eli Manning
96%
Tennis: Venus and Serena Williams
84%
Boxing: Muhammad and Laila Ali
80%
Baseball: Ken and Ken Jr. Griffey
71%
Baseball: Bobby and Barry Bonds
67%
Baseball: Cal, Cal Jr. and Billy Ripken
65%
Baskeball: Pau and Marc Gasol
63%
Basketball, Del, Stephen, Seth Curry
62%
Basketball: Doc and Austin Rivers
61%
Yannick and Joakim Noah
60%
Football, Howie and Chris Long
59%
Baseball: Cecil and Prince Fielder
57%
Baseball: Pedro and Ramon Martinez
56%
Basketball: Cheryl and Reggie Miller
56%
Football Sterling and Shannon Sharpe
55%
Basketball: Dominique and Gerald Wilkins
55%
Baketball: Bill and Luke Walton
51%
Hockey: Gordie and Mark Howe
49%
Football: Bruce, Clay Jr Clay III, Kevin Matthews
49%
Indycar: Mario, Michael, Marco Andretti
46%
Baseball: Jason and Jeremy Giambi
46%
Basketball: Hakeem and Abi Olajuwon
46%
Baseball: Justin and B.J. Upton
46%
Baseball: Felipe, Matt, Jesus and Moises Alou
45%
Baseball: Sandy, Sandy Jr. and Roberto Alomar
43%
Baseball: J.D. and Stephen Drew
43%
Baseball: Benji, Jose and Yadir Molina
43%
Tennis: John and Patrick McEnroe
40%
Nascar: Lee, Richard, Kyle and Adam Petty
40%
Baseball: Joe, Vince, Dom DiMaggio
39%
Hockey: Bobby, Dennis Brett Hull
39%
Baseball: Ray, Bob, Aaron, Brett Boone
38%
Basketball Candace, Anthony Parker
38%
Basketball: Rick, Scooter, Jon, Brent, Drew Barry
35%
Boxing: Leon and Michael Spinks
35%
Arthur, Jon and Chandler Jones
33%
Baseball: Greg and Mike Maddux
33%
Baseball: Dizzy and Daffy Dean
32%
Basketball: Tyler, Luke, Cody Zeller
31%
Football: Matt and Tim Hasselbeck
29%
Hockey Phil and Tony Esposito
26%
Basketball Glen, Glen Jr Rice
26%
Baseball: Phil and Joe Niekro
23%
Football: Rob, Dan and Chris Gronkowski
20%
Hockey: Brent, Brian, Daryl, Duane, Rich, Ron, Brandon, Brett Sutter
19%
Basketball: Ben and Tyler Hansbrough
18%
Basketball: Tito and Al Horford
18%
Boxing: Wladimir and Vitali Klitchko
17%
Hockey: Erik Mark and Jordan Staal
16%
Hockey: Rob and Scott Niedermayer
9%
Basketball: Charles and Ed O'Bannon
9%
Bubba,Courtney and Ashley Paris
2%
No matching quizzes found
Score Distribution
Percent of People with Each Score
Percentile by Number Answered
Your Score History
You have not taken this quiz since the last reset